| 000 | 01740nam a2200193 a 4500 | ||
|---|---|---|---|
| 001 | ASIN1568363168 | ||
| 005 | 20170105102922.0 | ||
| 008 | 131209s2002 xxu eng d | ||
| 020 |
_a1568363168 (paperback) _c$17.00 |
||
| 020 | _a9781568363165 (paperback) | ||
| 040 | _a0 | ||
| 100 | 1 | _aDoyle, William. | |
| 245 | 1 | 0 |
_aInside the oval office : _bthe white house tapes from fdr to clinton / _cWilliam Doyle. |
| 260 |
_a[S.l.] : _bKodansha USA, _c2002. |
||
| 300 |
_a365 p. ; _c23 cm. |
||
| 520 | _aDuring the four years of research in the national archives and presidential libraries, William Doyle unearthed scores of White House tape recordings, videotapes and transcripts, many never before published. He interviewed 100 Oval Office insiders, Cabinet members, White House aides and advisers from FDR's personal secretary to Henry Kissinger. The result is a flesh-and-blood drama of the presidency in action. Presidential episodes include: Franklin D. Roosevelt - plans to detonate a sex scandal to ruin his republican opponent; Harry S. Truman - at the controls of the world's first nuclear superpower; Dwight Eisenhower - struggles with a problem he fears will wreck the USA; John F. Kennedy - on his invasion of Mississippi to crush rebellion and a massacre; Lyndon B. Johnson - when he realises he must disengage from Vietnam; Richard Nixon - crucified himself on his own tape machines; Jim Carter - as he runs a high-risk helicopter rescue of US hostages; Ronald Reagan - on conquering Grenada and plotting victory in the Cold War; Bill Clinton - tries to rescue his presidency, four years before his impeachment. | ||
| 856 | 4 | 0 |
_3Amazon.com _uhttp://www.amazon.com/exec/obidos/ASIN/1568363168/chopaconline-20 |
| 942 |
_2ddc _cBK |
||
| 999 |
_c15650 _d15650 |
||